|
|
|
|
| LEADER |
00000cam a2200000 7i4500 |
| 001 |
0000015580 |
| 005 |
20080401.0 |
| 008 |
080401 |
| 020 |
|
|
|a 9833364004
|
| 090 |
0 |
0 |
|a 658.8002854678
|b IRF
|
| 100 |
0 |
|
|a Irfan Khairi
|
| 245 |
1 |
0 |
|a Rahsia jutawan-jutawan internet terbongkar
|c Irfan Khairi
|
| 260 |
|
|
|a Petaling Jaya :
|b True Wealth ,
|c 2005
|
| 650 |
|
0 |
|a Business enterprises
|x Computer networks
|
| 650 |
|
0 |
|a Internet industry
|
| 650 |
|
0 |
|a Internet marketing
|
| 650 |
|
0 |
|a Success in business
|
| 999 |
|
|
|a 0001018231
|b Book
|c Adult Collection
|e Perbadanan Perpustakaan Awam Johor
|
| 999 |
|
|
|a 0001018232
|b Book
|c Adult Collection
|e Perbadanan Perpustakaan Awam Johor
|
| 999 |
|
|
|a 0001018233
|b Book
|c Adult Collection
|e Perbadanan Perpustakaan Awam Johor
|